[Event "FTX Road to Miami KO 2022"]
[Site "chess24.com INT"]
[Date "2022.07.14"]
[Round "1.11"]
[White "Erigaisi, Arjun"]
[Black "Aronian, Levon"]
[Result "1-0"]
[WhiteTitle "GM"]
[BlackTitle "GM"]
[WhiteElo "2689"]
[BlackElo "2775"]
[WhiteFideId "35009192"]
[BlackFideId "13300474"]
[EventDate "2022.07.14"]
[EventType "k.o."]

1. d4 d5 2. c4 dxc4 3. e4 b5 4. a4 c6 5. axb5 cxb5 6. Nc3 Qb6 7. Nd5 Qb7 8. Bf4
e5 9. Bxe5 Nd7 10. Bf4 Ngf6 11. Nc7+ Kd8 12. Nxa8 Qxe4+ 13. Ne2 Qxa8 14. Nc3 Bb4
15. f3 a5 16. Be2 Qc6 17. O-O Re8 18. Re1 a4 19. Bd2 Nb6 20. Ne4 Bd6 21. d5
Nbxd5 22. Nxd6 Qxd6 23. Ba5+ Kd7 24. Qd4 Bb7 25. Bf1 Ra8 26. Bc3 Qb6 27. Qxb6
Nxb6 28. f4 Bd5 29. f5 Kc6 30. Re3 Nfd7 31. Rh3 Be4 32. Rxh7 Nd5 33. Bxg7 f6 34.
Rh8 Rxh8 35. Bxh8 Bxf5 36. h4 Bg4 37. Kf2 Nc5 38. Be2 Bxe2 39. Kxe2 Nd3 40. Rf1
Nxb2 41. Bxf6 Nd3 42. g3 a3 43. h5 Nc1+ 44. Kd1 Nb3 45. h6 a2 46. h7 Nxf6 47.
Rxf6+ Kb7 48. Rf7+ Kb6 49. h8=Q a1=Q+ 50. Qxa1 Nxa1 51. g4 b4 52. g5 b3 53. Rf2
c3 54. Kc1 b2+ 55. Rxb2+ cxb2+ 56. Kxb2 1-0

[Event "FTX Road to Miami KO 2022"]
[Site "chess24.com INT"]
[Date "2022.07.14"]
[Round "1.12"]
[White "Rapport, Richard"]
[Black "Xiong, Jeffery"]
[Result "0-1"]
[WhiteTitle "GM"]
[BlackTitle "GM"]
[WhiteElo "2764"]
[BlackElo "2691"]
[WhiteFideId "738590"]
[BlackFideId "2047640"]
[EventDate "2022.07.14"]
[EventType "k.o."]

1. Nf3 c5 2. e4 d6 3. Bc4 Nf6 4. d3 Nc6 5. Bb3 g6 6. O-O Bg7 7. Nbd2 O-O 8. c3
b5 9. d4 cxd4 10. cxd4 Qb6 11. d5 Nd4 12. h3 Nxb3 13. axb3 e6 14. dxe6 Bxe6 15.
Re1 Nd7 16. Nf1 Nc5 17. b4 Na4 18. Be3 Nxb2 19. Bxb6 Nxd1 20. Rxa7 Nc3 21. Rb7
Ra2 22. Ng3 Rb2 23. Bc7 d5 24. e5 Bh6 25. Ra1 Ne4 26. Rxb5 Nxf2 27. Bd6 Re8 28.
Rba5 Be3 29. Ra8 Ne4+ 30. Kh2 Nxd6 31. exd6 Rxa8 32. Rxa8+ Kg7 33. Rd8 Bf4 34.
d7 Kf6 35. Nd4 Rxb4 36. Nxe6 Kxe6 37. Rf8 Kxd7 38. Rxf7+ Ke6 0-1

[Event "FTX Road to Miami KO 2022"]
[Site "chess24.com INT"]
[Date "2022.07.14"]
[Round "1.12"]
[White "Duda, Jan-Krzysztof"]
[Black "Giri, Anish"]
[Result "1/2-1/2"]
[WhiteTitle "GM"]
[BlackTitle "GM"]
[WhiteElo "2750"]
[BlackElo "2760"]
[WhiteFideId "1170546"]
[BlackFideId "24116068"]
[EventDate "2022.07.14"]
[EventType "k.o."]

1. e4 c5 2. Nf3 d6 3. Bb5+ Nd7 4. d3 Nf6 5. c4 g6 6. Nc3 Bg7 7. h3 O-O 8. Ba4
Nb8 9. O-O Bd7 10. Bxd7 Nfxd7 11. Be3 Nc6 12. d4 Rc8 13. b3 a6 14. Rc1 Qa5 15.
a4 e6 16. Ne2 cxd4 17. Nexd4 Nc5 18. Qc2 Qb6 19. Nxc6 Qxc6 20. Nd2 a5 21. Rfe1
Rfe8 22. Qb1 b6 23. Rcd1 h6 24. f3 Rcd8 25. Bf2 Na6 26. f4 Nc5 27. Nf3 f5 28.
Bxc5 bxc5 29. exf5 gxf5 30. Rd3 Bf6 31. Re2 Kf7 32. Qe1 Ra8 33. Kh1 Re7 34. Red2
Qe4 35. Re3 Qc6 36. Rde2 Qd7 37. Qd2 Qc6 38. Rd3 Ra6 39. Kh2 Re8 40. Qd1 Rg8 41.
Ree3 Qc7 42. Ne1 Ke7 43. Qh5 Bd4 44. Qxf5 Qd7 45. Nf3 Bf6 46. Qh7+ Rg7 47. Qxh6
Ra8 48. Ng5 Rag8 49. h4 Rg6 50. Qh7+ R8g7 51. Qh5 Bxg5 52. fxg5 Kd8 53. Qf3 Rh7
54. g3 Kc7 55. Qa8 Rxg5 56. Qxa5+ Kb7 57. Qb5+ Kc7 58. Qa5+ Kb7 59. b4 Rxh4+ 60.
gxh4 Qh7 61. Rh3 Qe4 62. Qb5+ Kc7 63. Qa5+ Kb7 64. Qb5+ Kc7 65. hxg5 Qe2+ 66.
Kg1 Qe1+ 67. Kg2 Qe2+ 68. Kg1 Qe1+ 69. Kg2 Qe2+ 70. Kg3 Qxd3+ 71. Kf4 Qd4+ 72.
Kf3 Qd3+ 73. Kf2 Qd2+ 74. Kf3 Qd3+ 75. Kg4 Qe4+ 76. Kh5 Qh7+ 77. Kg4 Qe4+ 78.
Kg3 Qd3+ 79. Kg4 Qe4+ 1/2-1/2

[Event "FTX Road to Miami KO 2022"]
[Site "chess24.com INT"]
[Date "2022.07.14"]
[Round "1.12"]
[White "Aronian, Levon"]
[Black "Erigaisi, Arjun"]
[Result "1/2-1/2"]
[WhiteTitle "GM"]
[BlackTitle "GM"]
[WhiteElo "2775"]
[BlackElo "2689"]
[WhiteFideId "13300474"]
[BlackFideId "35009192"]
[EventDate "2022.07.14"]
[EventType "k.o."]

1. e4 c5 2. Nf3 e6 3. c3 Nf6 4. e5 Nd5 5. d4 cxd4 6. cxd4 d6 7. Bc4 Be7 8. O-O
O-O 9. Qe2 Nc6 10. Rd1 Qc7 11. Na3 a6 12. Bd2 dxe5 13. dxe5 b5 14. Bxd5 exd5 15.
Rac1 Qb7 16. Nc2 Be6 17. h3 Rac8 18. Bg5 Bf5 19. Bxe7 Qxe7 20. Ncd4 Nxd4 21.
Nxd4 Bxh3 22. Rxc8 Bxc8 23. f4 g6 24. Qf3 Qh4 25. Rc1 Bd7 26. Qf2 Qe7 27. Qg3
Rc8 28. Rd1 Kh8 29. Kh2 h5 30. b4 Bg4 31. Rd3 Kh7 32. a3 Rc4 33. Qe1 Qa7 34. Qh4
Qb6 35. Qe7 Rxd4 36. Qxf7+ Kh8 37. Qf8+ Kh7 38. Qe7+ Kg8 39. Qe8+ Kg7 40. Qe7+
Kg8 41. Qe8+ Kg7 42. Qe7+ Kg8 1/2-1/2

[Event "FTX Road to Miami KO 2022"]
[Site "chess24.com INT"]
[Date "2022.07.14"]
[Round "1.13"]
[White "Xiong, Jeffery"]
[Black "Rapport, Richard"]
[Result "0-1"]
[WhiteTitle "GM"]
[BlackTitle "GM"]
[WhiteElo "2691"]
[BlackElo "2764"]
[WhiteFideId "2047640"]
[BlackFideId "738590"]
[EventDate "2022.07.14"]
[EventType "k.o."]

1. d4 Nf6 2. c4 e6 3. Nf3 b6 4. g3 Bb7 5. Bg2 Bb4+ 6. Bd2 a5 7. O-O O-O 8. a3
Bxd2 9. Qxd2 d6 10. Nc3 Ne4 11. Nxe4 Bxe4 12. Qe3 Bb7 13. b4 Nd7 14. b5 Re8 15.
Rfd1 Qf6 16. Ne5 dxe5 17. Bxb7 Rad8 18. d5 Nc5 19. Bc6 Rf8 20. Ra2 Rd6 21. Rad2
Rfd8 22. dxe6 fxe6 23. Kg2 Kf8 24. Kg1 Ke7 25. Kg2 h6 26. h4 Qf5 27. Qc3 Qf6 28.
Qe3 Rd4 29. Qc3 R8d6 30. e3 Rxd2 31. Rxd2 e4 32. Rd4 Nd3 33. f4 exf3+ 34. Bxf3
Nc5 35. Bc6 a4 36. Qc2 Rxd4 37. exd4 Qxd4 38. Qg6 Qb2+ 39. Kh3 Qf6 40. Qe8+ Kd6
41. Kg2 Ke5 42. Bf3 Kd4 43. Qc8 Qe5 44. Qd8+ Kc3 45. Qd1 Kb2 46. Kh3 Kxa3 47.
Qd2 Nb3 0-1

[Event "FTX Road to Miami KO 2022"]
[Site "chess24.com INT"]
[Date "2022.07.14"]
[Round "1.13"]
[White "Giri, Anish"]
[Black "Duda, Jan-Krzysztof"]
[Result "0-1"]
[WhiteTitle "GM"]
[BlackTitle "GM"]
[WhiteElo "2760"]
[BlackElo "2750"]
[WhiteFideId "24116068"]
[BlackFideId "1170546"]
[EventDate "2022.07.14"]
[EventType "k.o."]

1. Nf3 d5 2. g3 b6 3. Bg2 Bb7 4. O-O g6 5. d4 Bg7 6. c4 Nf6 7. cxd5 O-O 8. Re1
Bxd5 9. Nc3 Bb7 10. e4 Na6 11. Bg5 h6 12. Bf4 e6 13. Qd2 Kh7 14. Rad1 Qe7 15. a3
Rfd8 16. b4 c5 17. bxc5 Nxc5 18. Qc2 Ncxe4 19. Nxe4 Bxe4 20. Rxe4 Rac8 21. Qd3
Nxe4 22. Qxe4 Qxa3 23. h4 Qa4 24. Rd2 Qc6 25. Qe3 Qe8 26. Kh2 a5 27. Bf1 b5 28.
Bd3 b4 29. h5 Rc3 30. hxg6+ fxg6 31. Ne5 a4 32. Qe4 Kg8 33. Qb7 Rb8 34. Qa7 Ra8
35. Qb7 Rb8 36. Qa7 Ra8 37. Qb6 Rb8 38. Qa5 g5 39. Bg6 Qb5 40. Qa7 Qb7 41. Bf7+
Kf8 42. Qa5 Ra8 43. Nd7+ Kxf7 0-1

[Event "FTX Road to Miami KO 2022"]
[Site "chess24.com INT"]
[Date "2022.07.14"]
[Round "1.13"]
[White "Erigaisi, Arjun"]
[Black "Aronian, Levon"]
[Result "0-1"]
[WhiteTitle "GM"]
[BlackTitle "GM"]
[WhiteElo "2689"]
[BlackElo "2775"]
[WhiteFideId "35009192"]
[BlackFideId "13300474"]
[EventDate "2022.07.14"]
[EventType "k.o."]

1. d4 d5 2. c4 dxc4 3. Nf3 Nf6 4. e3 e6 5. Bxc4 a6 6. O-O c5 7. dxc5 Bxc5 8.
Qxd8+ Kxd8 9. Be2 Ke7 10. Ne5 Nbd7 11. Nc4 a5 12. Bf3 g5 13. Nc3 g4 14. Bd1 b6
15. Na4 Ba6 16. b3 Bb4 17. Naxb6 Nxb6 18. Nxb6 Bxf1 19. Nxa8 Ba6 20. Nb6 Rd8 21.
Bc2 Ne4 22. Nc4 f5 23. Ba3 Bxc4 24. Bxb4+ axb4 25. bxc4 Rd2 26. Bxe4 fxe4 27. h3
Kd6 28. hxg4 Kc5 29. g5 Kxc4 30. g3 Kc3 31. Kg2 Kb2 32. Rh1 Rd7 33. Rh4 Kxa2 34.
Rxe4 b3 35. Rxe6 Rb7 36. Ra6+ Kb1 37. g6 hxg6 38. Rxg6 b2 39. Rh6 Kc2 40. Rh1
Rd7 0-1

[Event "FTX Road to Miami KO 2022"]
[Site "chess24.com INT"]
[Date "2022.07.14"]
[Round "1.14"]
[White "Rapport, Richard"]
[Black "Xiong, Jeffery"]
[Result "1/2-1/2"]
[WhiteTitle "GM"]
[BlackTitle "GM"]
[WhiteElo "2764"]
[BlackElo "2691"]
[WhiteFideId "738590"]
[BlackFideId "2047640"]
[EventDate "2022.07.14"]
[EventType "k.o."]

1. Nf3 c5 2. e4 d6 3. c3 Nf6 4. Be2 Bd7 5. Qc2 Bc6 6. d3 g6 7. O-O Bg7 8. Nbd2
Nbd7 9. d4 cxd4 10. Nxd4 O-O 11. Rd1 Qc7 12. Nxc6 bxc6 13. Nf1 Nc5 14. Bf3 a5
15. Be3 Nfd7 16. Be2 a4 17. Nd2 d5 18. b4 axb3 19. axb3 e6 20. b4 Nb7 21. Rac1
Nd6 22. Bf4 Ne5 23. Bg3 Qb6 24. Kh1 Ra3 25. c4 dxc4 26. f4 Nd3 27. Nxc4 Nxc4 28.
Rxd3 Ne3 29. Qd2 Rxd3 30. Qxd3 Rd8 31. Rxc6 Qxc6 32. Qxd8+ Bf8 33. Qd2 Qxe4 34.
Bf3 Qb1+ 35. Qe1 Qb3 36. b5 Nf5 37. Qf1 Bd6 38. b6 Qxb6 39. Be4 Qc5 40. Qe1
Nxg3+ 41. hxg3 Qh5+ 42. Kg1 g5 43. Qa5 Qd1+ 44. Kh2 Be7 45. Bf3 Qd4 46. fxg5 Kg7
47. Bh5 Bd6 48. Kh3 Qe3 49. Bf3 Be5 50. Qb4 Qc1 51. Qh4 Qh1+ 52. Kg4 Qb1 53. Kh3
Qh1+ 54. Kg4 Qe1 55. Kh3 Kf8 56. Kh2 Qe3 57. Qxh7 Qxg5 58. Qh3 f5 59. Be2 Ke7
60. Bf3 Kd6 61. Bh5 Kd5 62. Bf7 Qg7 63. Bh5 Qg5 64. Bf7 Kd6 65. Bh5 Kc5 66. Bf7
Kd5 67. Be8 Ke4 68. Bf7 Qf6 69. Qh5 Kd4 70. Kh3 Kc5 71. Qg6 Qh8+ 72. Qh5 Qg7 73.
Qg6 Qh8+ 74. Qh5 Qf6 75. Qg6 Qd8 76. Qh5 Qd7 77. Bg6 Qd2 78. Bxf5 exf5 79. Qxf5
Qh6+ 80. Kg4 Kd6 81. Qd3+ Ke7 82. Qf5 Qh8 83. Kf3 Qa8+ 84. Kg4 Qa4+ 85. Kh3 Qa1
86. Qh7+ Kd6 87. Qd3+ Ke6 88. Qg6+ Bf6 89. Qe4+ Kf7 90. Qh7+ Kf8 91. Qe4 Qh1+
92. Kg4 Kg7 93. Qd5 Qc1 94. Kh3 Qh6+ 95. Kg4 Qg6+ 96. Kf3 Kh6 97. Qe4 Qh5+ 98.
g4 Qa5 99. g5+ Bxg5 100. Qe6+ Kg7 101. Qd7+ Kf8 102. Qd6+ Be7 103. Qh6+ Ke8 104.
Qg6+ Kd8 105. Qg8+ Kd7 106. Qg4+ Kc7 107. Qc4+ Bc5 108. Qf7+ Kd8 109. Qd5+ Kc7
110. Qf7+ Kd8 111. Qd5+ Kc7 112. Qf7+ 1/2-1/2

[Event "FTX Road to Miami KO 2022"]
[Site "chess24.com INT"]
[Date "2022.07.14"]
[Round "1.14"]
[White "Duda, Jan-Krzysztof"]
[Black "Giri, Anish"]
[Result "1/2-1/2"]
[WhiteTitle "GM"]
[BlackTitle "GM"]
[WhiteElo "2750"]
[BlackElo "2760"]
[WhiteFideId "1170546"]
[BlackFideId "24116068"]
[EventDate "2022.07.14"]
[EventType "k.o."]

1. e4 c5 2. Nf3 d6 3. Bb5+ Nd7 4. d3 Nf6 5. c4 g6 6. Nc3 Bg7 7. h3 O-O 8. Ba4
Ne8 9. O-O Nc7 10. Be3 Nb6 11. Bc2 e5 12. a3 f5 13. b4 Ne6 14. bxc5 dxc5 15. a4
f4 16. Bd2 Nd7 17. Nd5 Nb8 18. a5 Nc6 19. Ba4 Ncd4 20. Nxd4 Nxd4 21. f3 g5 22.
Bc3 Qd6 23. Kf2 h5 24. Rh1 Be6 25. Rb1 Rf7 26. Rb2 Raf8 27. Qb1 Bc8 28. Bd1 Nc6
29. Rb5 Re8 30. Ke1 Bf8 31. Kd2 Qg6 32. Be2 Bd6 33. Rb2 Rg7 34. Bd1 Rf8 35. Qa2
Rh7 36. Kc1 Rff7 37. Qa4 Bf8 38. Kb1 Qd6 39. Rg1 Rfg7 40. Rh1 Rg6 41. Ka2 Rhh6
42. Be2 Qd8 43. Ka1 Rh7 44. Bd1 Rgh6 45. Rg1 Rg7 46. Rh1 Rgg6 47. Be2 Nd4 48.
Rhb1 Ra6 49. Bd1 Bd6 50. Ra2 Nc6 51. Qb5 Rh7 52. Ba4 Bf8 53. Qb2 Nd4 54. Bd1 Rf7
55. Qf2 Be6 56. Qb2 Rg7 57. Qd2 Kh8 58. Qb2 Rd6 59. Qf2 Rf7 60. Rab2 Qc8 61. Qe1
Ra6 62. Ra2 Rh7 63. Qf2 Bg8 64. Qe1 Be6 65. Qf2 Rf7 66. Qe1 Kg8 67. Qf2 Bd6 68.
Qb2 Bb8 69. Ra3 Kh8 70. Ra2 Rg7 71. Ba4 Bg8 72. Bd1 Qd8 73. Qf2 Bd6 1/2-1/2

[Event "FTX Road to Miami KO 2022"]
[Site "chess24.com INT"]
[Date "2022.07.14"]
[Round "1.14"]
[White "Aronian, Levon"]
[Black "Erigaisi, Arjun"]
[Result "1-0"]
[WhiteTitle "GM"]
[BlackTitle "GM"]
[WhiteElo "2775"]
[BlackElo "2689"]
[WhiteFideId "13300474"]
[BlackFideId "35009192"]
[EventDate "2022.07.14"]
[EventType "k.o."]

1. e4 c5 2. Nf3 d6 3. Bc4 Nf6 4. d3 e6 5. O-O Be7 6. Nbd2 O-O 7. Re1 Nc6 8. c3
Na5 9. Bb5 Bd7 10. Bxd7 Qxd7 11. Nf1 b5 12. d4 cxd4 13. cxd4 d5 14. e5 Ne4 15.
Ng3 Nxg3 16. fxg3 Rac8 17. Rf1 Nc6 18. Rf2 a5 19. g4 a4 20. h4 f6 21. exf6 Bxf6
22. g5 Be7 23. Be3 Bd6 24. Rc1 Ne7 25. Rxc8 Rxc8 26. Rc2 Nf5 27. Bf2 Ng3 28. Ne5
Bxe5 29. dxe5 Nf5 30. h5 Rxc2 31. Qxc2 d4 32. Qd3 Qd5 33. g4 Ne3 34. Bxe3 dxe3
35. Qc2 Qd8 36. g6 hxg6 37. hxg6 b4 38. b3 axb3 39. axb3 Qa8 40. Kh2 Qb8 41. Qe4
Qc8 42. Kg2 e2 43. Qxe2 Qc6+ 44. Kg3 Qc1 45. Qf2 Qc7 46. Kh4 Qb7 47. Qf7+ Qxf7
48. gxf7+ Kxf7 49. Kh5 g6+ 50. Kh6 g5 51. Kh5 1-0

[Event "FTX Road to Miami KO 2022"]
[Site "chess24.com INT"]
[Date "2022.07.14"]
[Round "1.21"]
[White "Xiong, Jeffery"]
[Black "Rapport, Richard"]
[Result "0-1"]
[WhiteTitle "GM"]
[BlackTitle "GM"]
[WhiteElo "2691"]
[BlackElo "2764"]
[WhiteFideId "2047640"]
[BlackFideId "738590"]
[EventDate "2022.07.14"]
[EventType "k.o."]

1. d4 Nf6 2. c4 g6 3. Nc3 Bg7 4. e4 d6 5. Be2 O-O 6. Be3 c6 7. h4 h5 8. Nf3 Na6
9. Qd2 Nc7 10. Bh6 Bg4 11. Bxg7 Kxg7 12. Ng5 Bxe2 13. Nxe2 e5 14. O-O-O Qe7 15.
Qc3 Ng4 16. Rhf1 f6 17. Nh3 Ne6 18. f3 Nh6 19. Nf2 c5 20. dxc5 dxc5 21. g4 Nd4
22. Ng3 hxg4 23. fxg4 Qe6 24. h5 g5 25. Kb1 Rad8 26. Nf5+ Nhxf5 27. gxf5 Qf7 28.
Rh1 Kh7 29. Ng4 Rd6 30. Ne3 Rfd8 31. Nd5 b6 32. Qa3 Kh6 33. Rdg1 Rb8 34. Rg2 b5
35. Rhg1 bxc4 36. Nxf6 Rxf6 37. Rxg5 Qb7 38. R5g4 Rb6 39. Qe3+ Kh7 40. Kc1 c3
41. Rg7+ Qxg7 42. Rxg7+ Kxg7 43. Qg3+ Kf7 44. Qxe5 Ne2+ 45. Kd1 cxb2 46. Qc7+
Kf6 47. e5+ Kg5 0-1

[Event "FTX Road to Miami KO 2022"]
[Site "chess24.com INT"]
[Date "2022.07.14"]
[Round "1.22"]
[White "Rapport, Richard"]
[Black "Xiong, Jeffery"]
[Result "1-0"]
[WhiteTitle "GM"]
[BlackTitle "GM"]
[WhiteElo "2764"]
[BlackElo "2691"]
[WhiteFideId "738590"]
[BlackFideId "2047640"]
[EventDate "2022.07.14"]
[EventType "k.o."]

1. e4 c6 2. d4 d5 3. Nd2 dxe4 4. Nxe4 Nf6 5. Qd3 g6 6. Nxf6+ exf6 7. Nf3 Be6 8.
Be2 Bg7 9. Qa3 Bf8 10. Qc3 Qd5 11. O-O Na6 12. Bxa6 bxa6 13. b3 Bd6 14. Bh6 Rg8
15. Be3 Kd7 16. Rad1 Qh5 17. Ne5+ Ke7 18. Bf4 fxe5 19. dxe5 Ba3 20. Qa5 Bb2 21.
Qc5+ Ke8 22. Qxc6+ Kf8 23. Qxa8+ Kg7 24. Rd8 Rxd8 25. Qxd8 h6 26. Qd2 g5 27. Bg3
Ba3 28. f4 gxf4 29. Qxf4 Qe2 30. Qf2 Qe4 31. Bf4 Bd5 32. Qg3+ Kh7 33. Qd3 1-0

[Event "FTX Road to Miami KO 2022"]
[Site "chess24.com INT"]
[Date "2022.07.15"]
[Round "2.11"]
[White "Aronian, Levon"]
[Black "Duda, Jan-Krzysztof"]
[Result "1/2-1/2"]
[WhiteTitle "GM"]
[BlackTitle "GM"]
[WhiteElo "2775"]
[BlackElo "2750"]
[WhiteFideId "13300474"]
[BlackFideId "1170546"]
[EventDate "2022.07.14"]
[EventType "k.o."]

1. d4 Nf6 2. c4 e6 3. Nc3 Bb4 4. Nf3 c5 5. g3 Nc6 6. Bg2 Ne4 7. Bd2 Bxc3 8. bxc3
O-O 9. O-O b6 10. Ne5 Nxd2 11. Nxc6 dxc6 12. Qxd2 Qd6 13. Qf4 Qxf4 14. gxf4 Ba6
15. Bxc6 Rad8 16. dxc5 Rc8 17. Bb5 Bxb5 18. cxb5 Rxc5 19. a4 Rfc8 20. Ra3 Rd5
21. Rb1 g6 22. a5 Rcc5 23. axb6 axb6 24. Ra6 Rxb5 25. Rxb6 Rbc5 26. Rc1 Rd2 27.
Kf1 Ra2 28. Rd6 Ra4 29. e3 Ra2 30. c4 Kf8 31. Rd4 Ke7 32. Kg2 h6 33. h4 Rb2 34.
Kg3 Kf6 35. Kf3 Ra2 36. Rc3 Ke7 37. Rd1 Ra4 38. Rdc1 Ra7 39. e4 Rac7 40. e5 g5
41. hxg5 hxg5 42. Ke4 gxf4 43. Kxf4 f6 44. exf6+ Kxf6 45. Ke3 Re5+ 46. Kd2 Rd7+
47. Rd3 Rxd3+ 48. Kxd3 Ke7 49. f4 Rf5 50. Ke4 Rc5 51. Kd4 Rf5 52. Ke3 e5 53.
fxe5 Rxe5+ 54. Kd4 Rh5 1/2-1/2

[Event "FTX Road to Miami KO 2022"]
[Site "chess24.com INT"]
[Date "2022.07.15"]
[Round "2.12"]
[White "Duda, Jan-Krzysztof"]
[Black "Aronian, Levon"]
[Result "0-1"]
[WhiteTitle "GM"]
[BlackTitle "GM"]
[WhiteElo "2750"]
[BlackElo "2775"]
[WhiteFideId "1170546"]
[BlackFideId "13300474"]
[EventDate "2022.07.14"]
[EventType "k.o."]

1. d4 d5 2. c4 dxc4 3. e4 e5 4. Nf3 Bb4+ 5. Bd2 Bxd2+ 6. Qxd2 exd4 7. Qxd4 Qxd4
8. Nxd4 Bd7 9. Bxc4 Nc6 10. Nxc6 Bxc6 11. Nc3 Ne7 12. f3 O-O 13. Kf2 Rfd8 14.
Rhd1 Kf8 15. Ne2 Ba4 16. b3 Be8 17. Ke3 c5 18. Nf4 b6 19. Rac1 Rxd1 20. Rxd1 Nc6
21. Rd2 Rd8 22. Nd3 Rd4 23. Rc2 a5 24. a3 Bd7 25. Rc3 f5 26. Nf4 fxe4 27. fxe4
Rd6 28. Bb5 Ke8 29. Nd5 Ne7 30. Bc4 Nxd5+ 31. Bxd5 a4 32. b4 cxb4 33. axb4 Kd8
34. Kd4 Rg6 35. g3 Rh6 36. h4 Rg6 37. Kc4 Rf6 38. e5 Rg6 39. Be4 Rg4 40. Kd5 h5
41. Re3 Ke7 42. e6 Bxe6+ 43. Ke5 g6 44. Rc3 Bf5 45. Bd5 Kd8 46. b5 Bd7 47. Kd6
Rd4 48. Rf3 Bxb5 49. Rf8+ Be8 50. Ke5 Rd2 51. Bc6 Re2+ 52. Kd6 a3 53. Bxe8 Rxe8
54. Rf3 Kc8 55. Rxa3 Kb7 56. g4 hxg4 57. Ra4 g3 58. Rg4 Rh8 59. Kd5 g2 60. Rxg6
Rxh4 61. Rxg2 Ka6 62. Ra2+ Kb5 63. Ra1 Ra4 64. Rb1+ Ka5 65. Kc6 Rc4+ 66. Kb7 b5
67. Ra1+ Ra4 68. Rh1 Ra2 69. Rh8 Rg2 70. Ra8+ Kb4 71. Ra1 Kc3 0-1

[Event "FTX Road to Miami KO 2022"]
[Site "chess24.com INT"]
[Date "2022.07.15"]
[Round "2.23"]
[White "Aronian, Levon"]
[Black "Duda, Jan-Krzysztof"]
[Result "1/2-1/2"]
[WhiteTitle "GM"]
[BlackTitle "GM"]
[WhiteElo "2775"]
[BlackElo "2750"]
[WhiteFideId "13300474"]
[BlackFideId "1170546"]
[EventDate "2022.07.14"]
[EventType "k.o."]

1. d4 Nf6 2. c4 e6 3. Nc3 Bb4 4. e3 O-O 5. Bd2 c5 6. a3 Bxc3 7. Bxc3 Ne4 8. Rc1
cxd4 9. Qxd4 Nxc3 10. Qxc3 a5 11. Nf3 b6 12. Be2 Bb7 13. O-O a4 14. Rfd1 Na6 15.
Nd4 Nc5 16. f3 f5 17. Nb5 Rf6 18. Qe5 Rg6 19. Rd6 Qg5 20. g3 Ne4 21. Rd3 Qh5 22.
Rxd7 Nc5 23. Qc7 Qg5 24. Rc3 Nxd7 25. Qxd7 Ba6 26. Nd6 h5 27. f4 Qd8 28. Qf7+
Kh7 29. Rd3 h4 30. Ne4 Qe8 31. Ng5+ Rxg5 32. Qxe8 Rxe8 33. fxg5 Bxc4 34. Bh5 Rc8
35. Rd4 hxg3 36. Bf7 g6 37. Rd7 Kh8 38. hxg3 Bd5 39. Bxg6 Rc1+ 40. Kf2 Rc2+ 41.
Ke1 Rxb2 42. Bh5 b5 43. Rd8+ Kg7 44. Rd7+ Kf8 45. g6 b4 46. axb4 Be4 47. Rd8+
Kg7 48. Rd7+ Kg8 49. Rd8+ Kg7 50. Rd7+ Kg8 51. Rd8+ Kg7 1/2-1/2

[Event "FTX Road to Miami KO 2022"]
[Site "chess24.com INT"]
[Date "2022.07.15"]
[Round "2.14"]
[White "Duda, Jan-Krzysztof"]
[Black "Aronian, Levon"]
[Result "0-1"]
[WhiteTitle "GM"]
[BlackTitle "GM"]
[WhiteElo "2750"]
[BlackElo "2775"]
[WhiteFideId "1170546"]
[BlackFideId "13300474"]
[EventDate "2022.07.14"]
[EventType "k.o."]

1. d4 d5 2. c4 dxc4 3. e4 e5 4. Nf3 Bb4+ 5. Nc3 exd4 6. Nxd4 Nd7 7. Bxc4 Ngf6 8.
O-O O-O 9. Nde2 Ne5 10. Bb3 c6 11. h3 Qe7 12. f4 Rd8 13. Qc2 Bc5+ 14. Kh1 Nd3
15. e5 Ng4 16. Ne4 Bf5 17. N2g3 Ndf2+ 18. Nxf2 Bxc2 19. Nxg4 Bxb3 20. axb3 Rd3
21. Ne4 f5 22. Nxc5 Qxc5 23. Nf2 Rd5 24. Ra4 Rad8 25. Rc4 Qb5 0-1